000 00588nam a22001937a 4500
999 _c21060
_d21060
003 AR-CdUCM
008 190726b ||||| |||| 00| 0 spa d
020 _a99729651-1-2
040 _aMUNICIPALIDAD PROVINCIAL DEL CUSCO
_cBIBLIOTECA MUNICIPAL DEL CUSCO
082 _aES / 865.6 /
_bC97
100 _aCusihuallpa Colque, Doris V.
_943855
245 _aSantiagumanta /
260 _aCusco :
_bAsociación Pukllasunchis,
_c2001.
300 _a28 pƔginas ;
_bilustraciones ;
_c30 cm.
650 _aCuentos andinos
_966
650 _aLiteratura
_983
942 _2ddc
_cLIBROS
945 _azta